| 000 | 00745nam a2200253 a 4500 | ||
|---|---|---|---|
| 001 | BRL_83 | ||
| 005 | 20190320210559.0 | ||
| 008 | 101012s1991----mx-#######---#000-0#spa-u | ||
| 020 | _a9681636902 | ||
| 041 | _aspa | ||
| 044 | _amx | ||
| 050 | 4 |
_aQ180 _b.P746 1991 |
|
| 245 | 1 | 0 |
_aPremio nacional de ciencias y artes _b(1945-1990) _cedición y compilación de Víctor Díaz Arciniega. |
| 260 |
_aMéxico _bSEP : FCE _c1991 |
||
| 300 |
_a513 p. _c23 cm. |
||
| 440 | 0 |
_aVida y pensamiento de México _99548 |
|
| 500 | _aIncluye apéndices | ||
| 500 | _aAu132 | ||
| 650 | 1 | 4 |
_aCiencia _xPremios _zMéxico _922858 |
| 650 | 1 | 4 |
_aArte _xPremios _zMéxico _922859 |
| 700 | 1 |
_aDíaz Arciniega, Víctor _ecomp. _922860 |
|
| 902 | _aGRL | ||
| 942 |
_2lcc _cB |
||
| 999 |
_c8896 _d8896 |
||